000 00808nam a2200241Ia 4500
003 OSt
005 20220923225508.0
006 a|||||r|||| 00| 0
007 ta
008 220922b |||||||| |||| 00| 0 hin d
024 _a269,412
037 _cTextual
040 _aARTS
_cARTS
_bhin
041 _2hin
_ahin
082 _aQ3:33:g, 152L7
100 _aदेवेन्द्र मुनि
_9156263
245 0 _aऋषभदेव
_b एक परिशीलन
246 _aṚuṣhabhadeva: ek parishīlana
260 _aउदयपुर
_b श्री तारक गुरु जैन ग्रन्थालय
_c1977
650 _aजैन धर्म
942 _hQ3:33:g, 152L7
_cTEXL
_2CC
999 _c378601
_d378601